| 000 | 02181nam0a2200373 4500 | ||
|---|---|---|---|
| 001 | RU\NLR\BIBL_A\011622232 | ||
| 005 | 20260327140118.0 | ||
| 010 |
_a978-5-209-07983-5 _9500 |
||
| 021 |
_aRU _b2017-102559 _97401 |
||
| 035 | _a(NLR Aleph) 011622232 | ||
| 035 | _a(RuMoRGB)009506258 | ||
| 090 |
_a10989625 _c10989625 |
||
| 100 | _a20180205d2017 k y0rusy50 ca | ||
| 101 | 1 |
_aeng _crus _drus |
|
| 102 | _aRU | ||
| 105 | _aa j 000zy | ||
| 200 | 1 |
_aEconomics of innovative activity of enterprise _dЭкономика инновационной деятельности предприятия _eучебное пособие для использования в образовательном процессе образовательных организаций, реализующих программы высшего образования по направлению подготовки 38.04.01 Экономика (уровень магистратуры) _f[the team of authors: PhD, Professor I.V. Karzanova, PhD, Yu.V. Solovieva, PhD S.B. Zaynullin et al. _gtranslation: I.V. Karzanova et al.] _zrus |
|
| 210 |
_aМосква _cРоссийский университет дружбы народов _d2017 |
||
| 215 |
_a195 с. _d20 |
||
| 300 | _aАвт. указаны на обороте тит. л. | ||
| 300 | _aРез. на рус. яз. | ||
| 320 | _aБиблиогр.: с. 186-195 (127 назв.) | ||
| 510 | 1 |
_aЭкономика инновационной деятельности предприятия _zrus |
|
| 606 | 1 |
_aПредприятия _xИнновационная деятельность _xУправление _jУчебные издания для высших учебных заведений _2nlr_sh1 _2nlr_sh2 _3RU\NLR\AUTH\661378857 |
|
| 686 |
_aУ9(2)29-551.1я73-1 _2rubbk |
||
| 686 | 1 | _aУ9(2)-55-21я73 | |
| 686 | 1 | _aУ29(2)я73 | |
| 701 | 1 |
_aKarzanova _bI.V. _gIrina Viktorovna |
|
| 701 | 1 |
_aSolov'eva _bJ.V. _gJuliana Vladimirovna |
|
| 701 | 1 |
_aZajnullin _bS. B. _f1977- _gSergej Bulatovič _3RU\NLR\AUTH\770291623 |
|
| 942 | _cBOOK | ||
| 980 | _aNB | ||